| 000 | 00630nam a22001937a 4500 | ||
|---|---|---|---|
| 999 |
_c157872 _d157872 |
||
| 005 | 20181006144307.0 | ||
| 010 | _aENG-124194 | ||
| 020 |
_a9789386702081 _c350.00 |
||
| 035 | _aEN-107726 | ||
| 037 | _bDABD/PUB | ||
| 082 | _a915.15043 | ||
| 100 | _aSarat Chandra Das | ||
| 245 |
_aJourney to LHASA: _bthe diary of a spy / _cby Sarat Chandra Das; introduction by Parimal Bhattacharya |
||
| 260 |
_aNew Delhi _bSpeaking Tiger _c2017 |
||
| 270 |
_a4381/4 Ansari Road, Daryaganj, _bNew Delhi _e10002 |
||
| 300 |
_axiv,265p. _c21cm(pbk) |
||
| 700 | _a Bhattacharya, Parimal | ||
| 942 |
_2ddc _cEN _mSAR _h915.15043 |
||